Leadership results : (Record no. 359349)
[ view plain ]
| 000 -LEADER | |
|---|---|
| fixed length control field | 00521nam a2200145Ia 4500 |
| 008 - FIXED-LENGTH DATA ELEMENTS--GENERAL INFORMATION | |
| fixed length control field | 181023s9999 xx 000 0 und d |
| 020 ## - INTERNATIONAL STANDARD BOOK NUMBER | |
| International Standard Book Number | 9780730345374 |
| 100 ## - MAIN ENTRY--PERSONAL NAME | |
| Personal name | Salicru, Sebastian. |
| 245 ## - TITLE STATEMENT | |
| Statement of responsibility, etc | Sebastian Salicru.-- |
| Title | Leadership results : |
| Remainder of title | how to create adaptive leaders and high-performing organisations for an uncertain world / |
| 260 ## - PUBLICATION, DISTRIBUTION, ETC. (IMPRINT) | |
| Place of publication, distribution, etc | USA : |
| Name of publisher, distributor, etc | Wiley |
| Date of publication, distribution, etc | 2017 |
| 300 ## - PHYSICAL DESCRIPTION | |
| Extent | xlii, 347 pages. |
| 500 ## - GENERAL NOTE | |
| General note | Includes bibliographic references and index. |
| 650 ## - SUBJECT ADDED ENTRY--TOPICAL TERM | |
| Topical term or geographic name as entry element | Corporate governance. |
| 650 ## - SUBJECT ADDED ENTRY--TOPICAL TERM | |
| Topical term or geographic name as entry element | Leadership. |
| Withdrawn status | Lost status | Damaged status | Home library | Current library | Shelving location | Date acquired | Source of acquisition | Total Checkouts | Total Renewals | Full call number | Barcode | Date last seen | Date checked out | Price effective from | Koha item type |
|---|---|---|---|---|---|---|---|---|---|---|---|---|---|---|---|
| College Library | College Library | Reserve Section | 10/23/2018 | Library Fund | 2 | 2 | HD 57.7 .Sa16 2017 | C21708 | 09/09/2025 | 08/29/2025 | 10/23/2018 | Books |